000 00461nam a2200181Ia 4500
005 20230926094025.0
008 131103s9999 xx 000 0 und d
040 _aLoreto College
041 _aEnglish
082 _aF
_bPAT
100 _aPatterson,Richard North
245 _aEyes of a child
_cRichard North Patterson
260 _aNew York
_bBallantine Books
_c1994
300 _a565 p.
650 _aFiction in English
850 _aLCLIB
942 _cBK
999 _c14740
_d65219